000 08135nam0a2200529 4500
001 RU\NLR\BIBL_A\011944813
005 20250809113046.0
020 _aRU
_9Ленинград в Великой Отечественной войне. Коллекция. Афиши
035 _a(NLR Aleph) 011944813
090 _a65464
_c65464
100 _a20190222d1944 u y0rusy50 ca
101 0 _arus
102 _aRU
105 _ay z 000zy
135 _acrcn 024anaba
200 1 _aИюнь 1944 г. [Репертуар
_eафиша]
_fУправление по делам искусств Исполкома Ленгорсовета, Театральный зал Малого оперного театра
210 _a[Ленинград]
_cЛТ УН-9
_d1944
215 _a1 л.
_d80х53
300 _aБилеты продаются в Кассе Малого Оперного Театра. Начало утр. спект. в 12 ч., веч. спект. в 19 ч. Касса открыта с 12 ч. до 20 часов. Дети до 16 лет на вечерние спектакли не допускаются. Вход в зрительный зал после 3-го звонка воспрещен. Верхнее платье снимать обязательно
300 _aЗак. 1399
325 _aКопия доступна в Электрон. б-ке РНБ
327 _a11 воскресенье. Драматический коллектив управления по делам искусств. А.Н. Островский и Н.Я. Соловьев. Женитьба Белугина: комедия в 5 действиях. Постановка режисс. П.И. Андриевского. Художник Л.З. Орнатский. Окончание спектакля в 22 ч. 30 мин. 12 понедельник. Спектакль ансамбля мастеров оперетты под художественным руководством и при участии Б.М. Бронской Нитуш: оперетта в 3 действиях. Русский текст Крылова. Постановка Е.Г. Альтуса (засл. арт. РСФСР). Музыка Герве. Художник С. Вайнтрауб. Балетмейстер Л.Д. Бейзельман. Зав. муз. частью М.М. Коган. Оркестр Радиокомитета - дирижер С.А. Аркин. Окончание в 21 ч. 30 мин. 13 вторник. Драматический коллектив управления по делам искусств. Александр Ржешевский и Михаил Кац. Олеко Дундич: пьеса в 4 действиях, 10 картинах. Постановка В.Н. Лебедева (засл. арт. РСФСР). Дирижер оркестра Н.И. Маслов. Художник В.А. Покровский. Окончание спектакля в 22 ч. 30 мин.
327 1 _a14 среда. Драматический коллектив управления по делам искусств. А.Н. Островский и Н.Я. Соловьев. Женитьба Белугина: комедия в 5 действиях. Постановка П.И. Андриевского. Художник Л.З. Орнатский. Окончание спектакля в 22 ч. 30 мин. 15 четверг. Спектакль ансамбля мастеров оперетты под худож. руководством и при участии Б.М. Бронской Морской волченок: оперетта в 3 действиях. Музыка Жэне. Постановка А.Г. Арнольд. Балетмейстер - Б. Вайнонен. Текст Б. Тимофеева. Зав. муз. часть М.М. Коган. Оркестр оадиокомитета. Дирижер С.А. Аркин. 16 пятница. Драматический коллектив управления по делам искусств. И.А. Гончаров. Обрыв: инсценировка в 3 действ., 10 карт. Леонида Браза. Постановка В.Н. Лебедева (засл. арт. РСФСР). Художник В.А. Покровский. Декорации выполн. художн. Л.З. Орнатский. Окончание в 23 часа. 17 суббота. Драматический коллектив управления по делам искусств. И.А. Гончаров. Обрыв: инсценировка в 3 действ., 10 карт. Леонида Браза. Постановка В.Н. Лебедева (засл. арт. РСФСР). Художник В.А. Покровский. Декорации выполн. художн. Л.З. Орнатский. Окончание в 23 часа
327 1 _a18 воскресенье Драматический коллектив управления по делам искусств. А.Н. Островский и Н.Я. Соловьев. Женитьба Белугина: комедия в 5 действиях. Постановка П.И. Андриевского. Художник Л.З. Орнатский. Окончание спектакля в 22 ч. 30 мин. 19 понедельник. Спектакль ансамбля мастеров оперетты под художественным руководством и при участии Б.М. Бронской Нитуш: оперетта в 3 действиях. Русский текст Крылова. Постановка Е.Г. Альтуса (засл. арт. РСФСР). Музыка Герве. Художник С. Вайнтрауб. Балетмейстер Л.Д. Бейзельман. Зав. муз. частью М.М. Коган. Оркестр Радиокомитета - дирижер С.А. Аркин. Окончание в 21 ч. 30 мин. 20 вторник. Драматический коллектив управления по делам искусств. Александр Ржешевский и Михаил Кац. Олеко Дундич: пьеса в 4 действиях, 10 картинах. Постановка В.Н. Лебедева (засл. арт. РСФСР). Дирижер оркестра Н.И. Маслов. Художник В.А. Покровский. Окончание спектакля в 22 ч. 30 мин.
601 0 2 _aЛенинградский малый театр оперы и балета
_jАфиши
_2nlr_sh2
_3RU\NLR\AUTH\6601562854
606 1 _aТеатральная жизнь
_yЛенинград, город
_z1941 - 1944
_jАфиши
_2nlr_sh2
_3RU\NLR\AUTH\6601649837
686 _aЩ335.413(2Р=Рус)7-692Ленинград8Малый театр оперы и балета
686 _aЩ333(2Р=Рус)7- 692Ленинград
710 0 2 _aЛенинградский малый театр оперы и балета
_3RU\NLR\AUTH\889923401
712 0 2 _aЛенинградское городское управление по делам искусств
_3RU\NLR\AUTH\889975365
_4570
852 _aNLR
_jЛ3-330а/13/3/1944-июнь(2)
856 0 _uhttp://vivaldi.nlr.ru/la700000170/view
856 1 _uhttp://vivaldi.nlr.ru/la700000170/cover
856 2 _uhttp://vivaldi.nlr.ru/la700000170/text
942 _cVISUAL
945 _aРоссийская национальная библиотека
980 _aNB
980 _aBV
980 3 _akplen
980 3 _akp
981 3 7 _a(37) Ленинград в Великой Отечественной войне
_b(37) Афиши блокадного Ленинграда